000 00528nam a2200181Ia 4500
008 151202s9999||||xx |||||||||||||| ||und||
082 _bPNVM-29884
100 _aअंतरकर आनंद.
245 _aभयकथा 2 री प्रत.
260 _b---
260 _c0
300 _a0
600 _aअंतरकर आनंद.
630 _aभयकथा 2 री प्रत.
700 _aअंतरकर आनंद.
730 _aभयकथा 2 री प्रत.
942 _cBOOK
999 _c1295847
_d1295844